| 000 -LEADER |
| fixed length control field |
00805cam a22002537i 4500 |
| 001 - CONTROL NUMBER |
| control field |
7119 |
| 003 - CONTROL NUMBER IDENTIFIER |
| control field |
BD-DhUAP |
| 005 - DATE AND TIME OF LATEST TRANSACTION |
| control field |
20200226121020.0 |
| 008 - FIXED-LENGTH DATA ELEMENTS--GENERAL INFORMATION |
| fixed length control field |
200226s1996 enka c 000 0 eng d |
| 020 ## - INTERNATIONAL STANDARD BOOK NUMBER |
| International Standard Book Number |
0500341494 |
| 040 ## - CATALOGING SOURCE |
| Original cataloging agency |
YDX |
| Language of cataloging |
eng |
| Transcribing agency |
YDX |
| Description conventions |
rda |
| Modifying agency |
CLE |
| -- |
OCLCO |
| -- |
CUY |
| -- |
OMB |
| -- |
NZAUC |
| -- |
OCLCF |
| -- |
OCLCA |
| -- |
UKMGB |
| -- |
UX0 |
| -- |
OCLCO |
| -- |
AU@ |
| -- |
OCLCO |
| -- |
OCL |
| -- |
OCLCO |
| -- |
BD-DhUAP |
| 042 ## - AUTHENTICATION CODE |
| Authentication code |
lccopycat |
| 082 04 - DEWEY DECIMAL CLASSIFICATION NUMBER |
| Classification number |
720.92 MEI |
| Edition number |
23 |
| 100 ## - MAIN ENTRY--PERSONAL NAME |
| Personal name |
Meier, Richard. |
| 245 10 - TITLE STATEMENT |
| Title |
Richard Meier houses / |
| Statement of responsibility, etc. |
Richard Meier, Paul Goldberger and Richard Rogers. |
| 264 #1 - PRODUCTION, PUBLICATION, DISTRIBUTION, MANUFACTURE, AND COPYRIGHT NOTICE |
| Place of production, publication, distribution, manufacture |
London : |
| Name of producer, publisher, distributor, manufacturer |
Thames and Hudson, |
| Date of production, publication, distribution, manufacture, or copyright notice |
c1996. |
| 300 ## - PHYSICAL DESCRIPTION |
| Extent |
249 pages : |
| Other physical details |
illustrations ; |
| Dimensions |
35 cm |
| 650 ## - SUBJECT ADDED ENTRY--TOPICAL TERM |
| Topical term or geographic name entry element |
Architecture. |
| 650 ## - SUBJECT ADDED ENTRY--TOPICAL TERM |
| Topical term or geographic name entry element |
Architecture, Domestic. |
| 650 ## - SUBJECT ADDED ENTRY--TOPICAL TERM |
| Topical term or geographic name entry element |
Architects. |
| 700 ## - ADDED ENTRY--PERSONAL NAME |
| Personal name |
Goldberger, Paul. |
| 700 ## - ADDED ENTRY--PERSONAL NAME |
| Personal name |
Rogers, Richard. |
| 942 ## - ADDED ENTRY ELEMENTS (KOHA) |
| Source of classification or shelving scheme |
|
| Koha item type |
Book |